00950nam a2200217 a 450000100100000000500170001000800410002702000150006804000250008308200170010810000330012524500950015824601120025325000260036526000590039130000210045050000700047150001370054165000140067870000400069200004734220201002060506.0180504s2004 dr 000 0 spa d a9945850806 aDO-SdBNPbspacBNPHU a149.3bV732r1 aVillegas Quintero, Efraín.10aRevolución integral /cEfraín Villegas Quintero ; prólogo Antonio Mosquera Ameneiro.14aRevolución integral :bla mejor revolución sin armas y sin violencia, la revolución de la conciencia. a6a. ed., amp. y corr. aSanto Domingo :bIrmgard Radefeldt de Villegas,c2004. a440 p. ;c24 cm. aIncluye datos biográficos del autor en la solapa de la cubierta a"Lo contrario del amor es el odio, por lo cual nunca odies a nadie para que nunca jamás te alejes de Dios que es amor" V.M. Desoto 4aOcultismo1 aMosquero Ameneiro, Antonioepról.